Najväčšie šance má "veľká päťka"

Na minha lista:
Detalhes bibliográficos
Autor principal: Mišún, Juraj, 1978-
Formato: Capítulo de Livro
Idioma:eslovaco
Tags: Adicionar Tag
Sem tags, seja o primeiro a adicionar uma tag!

MARC

LEADER 00000naa a2200000 4500
001 0126886
005 20240502072439.6
041 0 |a slo 
044 |a SK 
245 1 0 |a Najväčšie šance má "veľká päťka"  |c Juraj Mišún 
500 |a Článok sa nachádza v špeciálnej prílohe Trendu - Trend Top 2000 v motorizme. 
100 1 |a Mišún, Juraj, 1978-